Právne, účtovné a daňové dôsledky zmeny právnej formy obchodnej spoločnosti diplomová práca

Guardado en:
Detalles Bibliográficos
Autor principal: Galbavá, Jana
Autor Corporativo: Fakulta hospodárskej informatiky EU. Katedra účtovníctva a audítorstva
Otros Autores: Ondrušová, Lucia, 1981-
Formato: Libro
Lenguaje:eslovaco
Publicado: Bratislava 2013
Etiquetas: Agregar Etiqueta
Sin Etiquetas, Sea el primero en etiquetar este registro!

MARC

LEADER 00000nbm a2200000 4500
001 0171614
005 20161109102444.9
041 0 |a slo 
044 |a SK 
245 1 0 |a Právne, účtovné a daňové dôsledky zmeny právnej formy obchodnej spoločnosti  |b diplomová práca  |c Jana Galbavá ; školiteľ: Lucia Ondrušová 
264 1 |a Bratislava  |c 2013 
300 |a 75 s. 
100 1 |a Galbavá, Jana 
700 1 |a Ondrušová, Lucia, 1981- 
710 2 |a Fakulta hospodárskej informatiky EU. Katedra účtovníctva a audítorstva